[Event "Landesliga Ost MVP 2013-14"]
[Site "?"]
[Date "2014.04.27"]
[Round "9.2"]
[White "Windjaeger, Gerd"]
[Black "Schumann, Lutz"]
[Result "1/2-1/2"]
[WhiteElo "1893"]
[BlackElo "1838"]
[PlyCount "82"]
[EventType "team-tourn"]
[EventRounds "9"]
[EventCountry "GER"]
[WhiteTeam "SV Gryps"]
[BlackTeam "SSC Graal-Müritz"]
[WhiteTeamCountry "GER"]
[BlackTeamCountry "GER"]

1. d4 Nf6 2. c4 d6 3. Nc3 g6 4. e4 Bg7 5. f4 O-O 6. Nf3 Nc6 7. d5 Nb4 8. Be2 c6
9. Be3 cxd5 10. cxd5 b6 11. Nd4 e5 12. dxe6 fxe6 13. Qb3 a5 14. a3 Na6 15. Nxe6
Bxe6 16. Qxe6+ Kh8 17. Bf3 Re8 18. Qb3 Nc5 19. Bxc5 bxc5 20. O-O Rb8 21. Qc2
Qb6 22. Rab1 Qb3 23. Bd1 Qc4 24. Bf3 Nd7 25. Qa4 Nb6 26. Qxa5 Qd4+ 27. Kh1 Nc4
28. Qc7 Nxb2 29. Ne2 Qe3 30. Qc6 Rbc8 31. Qb5 Nd3 32. Bg4 Rcd8 33. Rf3 Qxe2 34.
Qxd3 Rxe4 35. Qxe2 Rxe2 36. Rd3 Ree8 37. Bf3 Bd4 38. a4 Re7 39. g3 Ra7 40. Bc6
Kg7 41. Rb7+ Rxb7 1/2-1/2

[Event "Landesliga Ost MVP 2013-14"]
[Site "?"]
[Date "2014.04.27"]
[Round "9.3"]
[White "Schulz, Wolf Detlef"]
[Black "Mauser, Tassilo Tino"]
[Result "1/2-1/2"]
[WhiteElo "1838"]
[BlackElo "1804"]
[PlyCount "51"]
[EventType "team-tourn"]
[EventRounds "9"]
[EventCountry "GER"]
[WhiteTeam "SSC Graal-Müritz"]
[BlackTeam "SV Gryps"]
[WhiteTeamCountry "GER"]
[BlackTeamCountry "GER"]

1. e4 g6 2. d4 Bg7 3. Nf3 d6 4. Bc4 Nf6 5. Nc3 O-O 6. O-O Bg4 7. h3 Bxf3 8.
Qxf3 Nc6 9. Be3 e5 10. d5 Ne7 11. Bg5 Nc8 12. Qe3 Nb6 13. Bb3 Qc8 14. Ne2 Nfd7
15. Ng3 Nc5 16. Bh6 Qd7 17. Bxg7 Kxg7 18. f4 f6 19. fxe5 fxe5 20. Qg5 Kh8 21.
h4 Qg7 22. Rae1 h6 23. Qg4 Kh7 24. h5 gxh5 25. Qh3 Qg4 26. Nxh5 1/2-1/2

[Event "Landesliga Ost MVP 2013-14"]
[Site "?"]
[Date "2014.04.27"]
[Round "9.7"]
[White "Kundt, Guenther"]
[Black "Springer, Guido"]
[Result "0-1"]
[WhiteElo "1528"]
[BlackElo "1762"]
[PlyCount "46"]
[EventType "team-tourn"]
[EventRounds "9"]
[EventCountry "GER"]
[WhiteTeam "SSC Graal-Müritz"]
[BlackTeam "SV Gryps"]
[WhiteTeamCountry "GER"]
[BlackTeamCountry "GER"]

1. d4 Nf6 2. c4 d6 3. Nc3 Bf5 4. Nf3 g6 5. e3 Bg7 6. Bd3 Bxd3 7. Qxd3 O-O 8.
O-O Nc6 9. a3 e5 10. d5 Ne7 11. e4 Nd7 12. b4 a5 13. Bb2 Qb8 14. Rfe1 f5 15.
Ng5 fxe4 16. Ncxe4 Rf5 17. Ne6 Bh6 18. g4 Rf7 19. g5 Bg7 20. c5 Nf5 21. cxd6
cxd6 22. Rec1 Nf8 23. Nc7 Rxc7 0-1

[Event "Landesliga Ost MVP 2013-14"]
[Site "?"]
[Date "2014.04.27"]
[Round "9.8"]
[White "Wagner, Swenja"]
[Black "Schroeter, Reinhard"]
[Result "1/2-1/2"]
[WhiteElo "1405"]
[BlackElo "1476"]
[PlyCount "61"]
[EventType "team-tourn"]
[EventRounds "9"]
[EventCountry "GER"]
[WhiteTeam "SV Gryps"]
[BlackTeam "SSC Graal-Müritz"]
[WhiteTeamCountry "GER"]
[BlackTeamCountry "GER"]

1. e4 c5 2. Nf3 d6 3. d4 cxd4 4. Nxd4 Nf6 5. Nc3 a6 6. Bc4 e6 7. Bb3 Be7 8. Be3
b5 9. f3 Bb7 10. Qd2 Nbd7 11. O-O-O Nc5 12. Qf2 Nfd7 13. a3 Nxb3+ 14. Nxb3 Qc7
15. Qg3 Rg8 16. h4 O-O-O 17. Qf2 Nc5 18. Nd4 d5 19. exd5 Bxd5 20. Nde2 Kb7 21.
Bf4 Qb6 22. Be3 Qc7 23. Nf4 Bc6 24. g3 Nd7 25. Nd3 Nf6 26. Bf4 Qb6 27. Be3 Qc7
28. Nc5+ Bxc5 29. Bxc5 Nd5 30. Nxd5 Rxd5 31. Rxd5 1/2-1/2

[Event "Landesliga Ost MVP 2013-14"]
[Site "?"]
[Date "2014.04.27"]
[Round "9.1"]
[White "Schwarz, Eckhard"]
[Black "Dupke, Andreas"]
[Result "1/2-1/2"]
[WhiteElo "1843"]
[BlackElo "1802"]
[PlyCount "72"]
[EventType "team-tourn"]
[EventRounds "9"]
[EventCountry "GER"]
[WhiteTeam "SV Waterkant Saal"]
[BlackTeam "SV Turbine Neubrandenburg"]
[WhiteTeamCountry "GER"]
[BlackTeamCountry "GER"]

1. Nf3 Nf6 2. c4 e6 3. d4 d5 4. e3 Be7 5. Bd3 O-O 6. O-O dxc4 7. Bxc4 b6 8. a3
Bb7 9. Nc3 Nbd7 10. b4 c5 11. bxc5 bxc5 12. dxc5 Qa5 13. Nb5 a6 14. Bd2 Bxf3
15. gxf3 Qd8 16. Nd4 Bxc5 17. Bb4 Bxb4 18. axb4 Qb6 19. Qa4 e5 20. Nc6 a5 21.
bxa5 Qc5 22. Rac1 Kh8 23. Rfd1 e4 24. Bd5 Qd6 25. Bxe4 Qe6 26. Nd4 Qe5 27. Bxa8
Qg5+ 28. Kh1 Rxa8 29. a6 Nb6 30. Qa2 Qh5 31. Rb1 Nbd7 32. Rg1 Ne5 33. a7 Nxf3
34. Rb8+ Ng8 35. Rg2 Nxd4 36. Rxg8+ Kxg8 1/2-1/2

[Event "Landesliga Ost MVP 2013-14"]
[Site "?"]
[Date "2014.04.27"]
[Round "9.2"]
[White "Rosin, Ralf"]
[Black "Onasch, Gunnar"]
[Result "1-0"]
[WhiteElo "1696"]
[BlackElo "1863"]
[PlyCount "95"]
[EventType "team-tourn"]
[EventRounds "9"]
[EventCountry "GER"]
[WhiteTeam "SV Turbine Neubrandenburg"]
[BlackTeam "SV Waterkant Saal"]
[WhiteTeamCountry "GER"]
[BlackTeamCountry "GER"]

1. d4 Nf6 2. c4 c5 3. d5 e6 4. dxe6 fxe6 5. Nf3 Be7 6. Nc3 d5 7. e3 O-O 8. Be2
Nc6 9. O-O b6 10. Qa4 Bb7 11. Ng5 Qd7 12. Rd1 Rad8 13. cxd5 exd5 14. Nxd5 Nxd5
15. Rxd5 Qxd5 16. Bc4 Bxg5 17. e4 b5 18. Qxb5 Nd4 19. Bxd5+ Bxd5 20. Qxc5 Ne2+
21. Kf1 Nxc1 22. exd5 Nd3 23. Qc4 Rxf2+ 24. Kg1 Rd2 25. h4 Nf4 26. Qe4 Rxg2+
27. Kh1 Rf2 28. hxg5 Ng6 29. Rd1 Rf7 30. d6 Kf8 31. a4 Rf4 32. Qc2 Rb4 33. Kg1
Rg4+ 34. Kh2 Rxg5 35. Rf1+ Kg8 36. Qc4+ Kh8 37. Re1 Ne5 38. Qc3 Nf7 39. d7 Rh5+
40. Kg1 Rg5+ 41. Kf1 Rf5+ 42. Kg2 Rg5+ 43. Kh3 Rh5+ 44. Kg4 Rg5+ 45. Kh4 h6 46.
Re8+ Kh7 47. Rxd8 Nxd8 48. Qc8 1-0

[Event "Landesliga Ost MVP 2013-14"]
[Site "?"]
[Date "2014.04.27"]
[Round "9.3"]
[White "Richter, Frank"]
[Black "Hollender, Dirk"]
[Result "1/2-1/2"]
[WhiteElo "1655"]
[BlackElo "1652"]
[PlyCount "47"]
[EventType "team-tourn"]
[EventRounds "9"]
[EventCountry "GER"]
[WhiteTeam "SV Waterkant Saal"]
[BlackTeam "SV Turbine Neubrandenburg"]
[WhiteTeamCountry "GER"]
[BlackTeamCountry "GER"]

1. d4 Nf6 2. c4 g6 3. Nc3 Bg7 4. e4 d6 5. Nf3 Nbd7 6. Be2 O-O 7. O-O c5 8. d5
Ng4 9. Rb1 Nge5 10. Bd2 Nxf3+ 11. Bxf3 Ne5 12. Be2 f5 13. f4 Nf7 14. Bd3 Nh6
15. h3 fxe4 16. Bxe4 Bd4+ 17. Kh2 Nf5 18. Ne2 Bg7 19. Qe1 e5 20. b4 b6 21. bxc5
bxc5 22. g4 Nd4 23. Nxd4 exd4 24. Bd3 1/2-1/2

[Event "Landesliga Ost MVP 2013-14"]
[Site "?"]
[Date "2014.04.27"]
[Round "9.4"]
[White "Peters, Hans Joachim"]
[Black "Nickel, Reimo"]
[Result "1-0"]
[WhiteElo "1701"]
[BlackElo "1767"]
[PlyCount "136"]
[EventType "team-tourn"]
[EventRounds "9"]
[EventCountry "GER"]
[WhiteTeam "SV Turbine Neubrandenburg"]
[BlackTeam "SV Waterkant Saal"]
[WhiteTeamCountry "GER"]
[BlackTeamCountry "GER"]

1. e4 e5 2. Nf3 Nc6 3. Bb5 Nf6 4. d3 d6 5. c3 Bd7 6. Bg5 Be7 7. Nbd2 O-O 8. h3
h6 9. Be3 a6 10. Ba4 Qc8 11. Nf1 Bd8 12. Qd2 Nh7 13. Ng3 b5 14. Bb3 Kh8 15. d4
exd4 16. cxd4 Rb8 17. Bc2 Be7 18. Rc1 Qd8 19. Bb1 d5 20. O-O dxe4 21. Bxe4 Nb4
22. a3 f5 23. Ne5 fxe4 24. Ng6+ Kg8 25. Nxf8 Qxf8 26. axb4 Bxb4 27. Qc2 Ba5 28.
d5 Qd6 29. Rfd1 Nf6 30. Nxe4 Nxe4 31. Qxe4 Re8 32. Qf4 Re5 33. Qf3 Rf5 34. Qe4
Re5 35. Qd4 Bb6 36. Qd2 Qg6 37. Kh2 Rh5 38. Bxb6 Qxb6 39. Rc3 Rg5 40. Kg1 Qf6
41. Qe3 Qg6 42. Qf3 Rf5 43. Qd3 Qb6 44. Rd2 Qd6 45. Qg3 Re5 46. Re3 Rxd5 47.
Qxd6 Rxd6 48. Rxd6 cxd6 49. Rd3 a5 50. Rxd6 Be8 51. Kf1 Bf7 52. Ke1 a4 53. Rd8+
Kh7 54. Kd2 Bc4 55. g3 Kg6 56. Kc3 Kf5 57. Rd4 Ke5 58. f4+ Kf5 59. g4+ Ke6 60.
Rxc4 bxc4 61. Kxc4 Kd6 62. Kb4 Kd5 63. Kxa4 Ke4 64. b4 Kf3 65. b5 Kxf4 66. b6
Kg3 67. b7 Kxh3 68. b8=Q Kxg4 1-0

[Event "Landesliga Ost MVP 2013-14"]
[Site "?"]
[Date "2014.04.30"]
[Round "9.5"]
[White "Ehmann, Roland"]
[Black "Schubert, Jens"]
[Result "1/2-1/2"]
[WhiteElo "1507"]
[BlackElo "1582"]
[PlyCount "89"]
[EventType "team-tourn"]
[EventRounds "9"]
[EventCountry "GER"]
[WhiteTeam "SV Waterkant Saal"]
[BlackTeam "SV Turbine Neubrandenburg"]
[WhiteTeamCountry "GER"]
[BlackTeamCountry "GER"]

1. d4 d5 2. Bg5 Nf6 3. e3 e6 4. Nf3 c5 5. Bb5+ Bd7 6. Bxd7+ Nbxd7 7. c3 Be7 8.
Nbd2 O-O 9. O-O h6 10. Bh4 c4 11. a4 a6 12. b4 b5 13. Qc2 Re8 14. e4 dxe4 15.
Nxe4 Nxe4 16. Bxe7 Qxe7 17. Qxe4 Nf6 18. Qc2 Qc7 19. Rfe1 Nd5 20. Ne5 Qb7 21.
f3 Qc7 22. a5 Rad8 23. Qd2 Nf6 24. f4 Nd5 25. Rf1 Kh7 26. Qc2+ Kg8 27. Rae1 Rd6
28. Rf3 Re7 29. Ref1 Qb7 30. Qd2 Qc7 31. Rg3 Nf6 32. Qe2 Qb7 33. Re1 Qc7 34.
Qf3 Qc8 35. Rf1 Qb7 36. Re1 Qc7 37. Qe2 Qc8 38. Qe3 Nd5 39. Qf3 Nf6 40. Ng4
Nxg4 41. Qxg4 Qf8 42. f5 exf5 43. Qxf5 Rde6 44. Qf4 Qe8 45. d5 1/2-1/2

[Event "Landesliga Ost MVP 2013-14"]
[Site "?"]
[Date "2014.04.29"]
[Round "9.6"]
[White "Hartung, Lothar"]
[Black "Nickel, Udo"]
[Result "1/2-1/2"]
[WhiteElo "1798"]
[BlackElo "1675"]
[PlyCount "73"]
[EventType "team-tourn"]
[EventRounds "9"]
[EventCountry "GER"]
[WhiteTeam "SV Turbine Neubrandenburg"]
[BlackTeam "SV Waterkant Saal"]
[WhiteTeamCountry "GER"]
[BlackTeamCountry "GER"]

1. d4 Nf6 2. e3 d5 3. c3 c6 4. Bd3 Bg4 5. f3 Bh5 6. Ne2 Bg6 7. Nf4 Nbd7 8. Nd2
e6 9. Nxg6 hxg6 10. Qe2 Bd6 11. f4 c5 12. Nf3 a6 13. Ng5 Qe7 14. e4 dxe4 15.
Bxe4 Nxe4 16. Nxe4 cxd4 17. cxd4 Nf6 18. Nc3 Bb4 19. O-O Rd8 20. Be3 Bxc3 21.
bxc3 Ne4 22. Bd2 Nf6 23. a4 O-O 24. f5 gxf5 25. Rxf5 Rd5 26. Rxd5 Nxd5 27. c4
Nc7 28. Rb1 Rb8 29. Bf4 b5 30. axb5 axb5 31. cxb5 Rd8 32. Rc1 Nd5 33. Bg3 Qb4
34. Qc4 Qb2 35. Qc5 Ne3 36. Bf2 Nd5 37. Bg3 1/2-1/2

[Event "Landesliga Ost MVP 2013-14"]
[Site "?"]
[Date "2014.04.29"]
[Round "9.7"]
[White "Hiltner, Harald"]
[Black "Sonnenberg, Uwe"]
[Result "1/2-1/2"]
[WhiteElo "1515"]
[BlackElo "1595"]
[PlyCount "31"]
[EventType "team-tourn"]
[EventRounds "9"]
[EventCountry "GER"]
[WhiteTeam "SV Waterkant Saal"]
[BlackTeam "SV Turbine Neubrandenburg"]
[WhiteTeamCountry "GER"]
[BlackTeamCountry "GER"]

1. e4 e6 2. Nf3 d5 3. exd5 exd5 4. d4 Nf6 5. Bg5 Be7 6. Be2 O-O 7. O-O Be6 8.
Ne5 Ne4 9. Bxe7 Qxe7 10. c3 f5 11. Nd2 Nd7 12. Nxd7 Qxd7 13. Nf3 Rac8 14. Ne5
Qe7 15. f3 Nd6 16. Bd3 1/2-1/2